| 000 | 00347nam a2200145Ia 4500 | ||
|---|---|---|---|
| 008 | 230917s9999||||xx |||||||||||||| ||und|| | ||
| 040 |
_e217749 _aMAIN |
||
| 041 | _aEnglish | ||
| 082 | _a658.8 B18S | ||
| 100 | _aBalachandran, S | ||
| 245 | 0 | _aServices marketing | |
| 260 |
_aMumbai _bShroff Publishers _c2011 |
||
| 300 | _a432 p. | ||
| 942 | _cBK | ||
| 999 |
_c178509 _d178509 |
||